Proces riadenia v pracovných vzťahoch
Sociálne partnerstvo prostredníctvom osobitných dohôd medzi zamestnávateľmi a zástupcami zamestnancov. Limity právomocí. Pracovný poriadok. Nadnárodné spoločnosti a riadenie ľudských zdrojov. Interkultúrna a interpersonálna komunikácia. Strategické riadenie v medzinárodnom riadení ľudských zdrojov....
Salvato in:
| Autore principale: | |
|---|---|
| Natura: | Capitolo di libro |
| Lingua: | slovacco |
| Soggetti: | |
| Tags: |
Nessun Tag, puoi essere il primo ad aggiungerne!!
|
MARC
| LEADER | 00000naa a2200000 4500 | ||
|---|---|---|---|
| 001 | 0253191 | ||
| 005 | 20190423135139.4 | ||
| 041 | 0 | |a slo | |
| 044 | |a SK | ||
| 245 | 1 | 0 | |a Proces riadenia v pracovných vzťahoch |c Lucia Petríková |
| 520 | |a Sociálne partnerstvo prostredníctvom osobitných dohôd medzi zamestnávateľmi a zástupcami zamestnancov. Limity právomocí. Pracovný poriadok. Nadnárodné spoločnosti a riadenie ľudských zdrojov. Interkultúrna a interpersonálna komunikácia. Strategické riadenie v medzinárodnom riadení ľudských zdrojov. Cieľ medzinárodného riadenia ľudských zdrojov. | ||
| 610 | 2 | 0 | |a riadenie |
| 610 | 2 | 0 | |a manažéri |
| 610 | 2 | 0 | |a vzťahy pracovné |
| 610 | 2 | 0 | |a riadenie ľudských zdrojov |
| 610 | 2 | 0 | |a predpisy organizačné |
| 610 | 2 | 0 | |a poriadok pracovný |
| 610 | 2 | 0 | |a zmluvy kolektívne |
| 610 | 2 | 0 | |a zamestnanci |
| 610 | 2 | 0 | |a zamestnávatelia |
| 610 | 2 | 0 | |a spoločnosti nadnárodné |
| 610 | 2 | 0 | |a komunikácia interkultúrna |
| 610 | 2 | 0 | |a komunikácia interpersonálna |
| 100 | 1 | |a Petríková, Lucia | |